| 000 | 00478nam a2200181 a 4500 | ||
|---|---|---|---|
| 001 | BRCA_2977 | ||
| 005 | 20190320204043.0 | ||
| 008 | 181208s1927----gw-a---###---#000-0#ger-# | ||
| 050 | 4 |
_aF1234 _b.L64 1927 |
|
| 100 | 1 |
_aLöhndorff, Ernest F. _98254 |
|
| 245 | 1 | 0 |
_aBestie ich in Mexiko _cErnst F. Lohndorff. |
| 260 |
_aStutgart, Alemania _bDieck _c1927 |
||
| 300 |
_a523 p. _bil. _c20 cm. |
||
| 500 | _aB84 | ||
| 651 | 4 |
_aMéxico _xHistoria _9614 |
|
| 902 | _aGFM | ||
| 942 |
_2lcc _cB |
||
| 999 |
_c2716 _d2716 |
||